| 000 | 01127nam a22002297a 4500 | ||
|---|---|---|---|
| 999 |
_c61083 _d61083 |
||
| 005 | 20231215095948.0 | ||
| 008 | 231215s2015ru xxu||||| |||| 00| 0 rus d | ||
| 020 | _a9789941453892 | ||
| 080 | _a634.6 Э-35 | ||
| 245 |
_aЭкология субтропических растений / _cМ.Ф. Харебава, Р. Копалиани, З. Гасанов, З. Микеладзе, Ш. Капанадзе. |
||
| 264 |
_aКутаиси, _c2015. |
||
| 300 |
_a294 с .. _bил, _c20см. |
||
| 653 | _aЭкология субтропических растений | ||
| 653 | _aეკოლოგია სუბტროპიკული მცენარეების | ||
| 653 | _aმებაღეობა ზოგადად მეხილეობა | ||
| 700 |
_a.Харебава, М.Ф _eავტორი _920751 |
||
| 700 |
_aКопалиани, Р. _eავტორი _920752 |
||
| 700 |
_aГасанов, З. _eავტორი _920759 |
||
| 700 |
_aМикеладзе, З _eავტორი _920753 |
||
| 700 |
_aКапанадзе, Ш _eავტორი _920754 |
||
| 942 |
_2udc _cᲬᲘᲒᲜᲘ |
||